000
00327nam a22001457a 4500
020
_q
PB.
040
_c
FIZZA ISHAQ
082
_a
629.892
_b
GOR
100
_a
MCCOMB,GORDON.
245
_a
BUILDING YOUR OWN ROBOTS /
_c
GORDON MCCOMB.
250
_a
1ST ED.
260
_b
WILEY,
_c
2016.
300
_a
123 P. ;
942
_2
ddc
_c
BK
999
_c
594374
_d
594374